[Event "Morelia/Linares 23rd"]
[Site "Morelia/Linares"]
[Date "2006.02.26"]
[Round "7"]
[White "Bacrot, Etienne"]
[Black "Aronian, Levon"]
[Result "0-1"]
[WhiteElo "2717"]
[BlackElo "2752"]
[Annotator "Gavrikov,V"]
[PlyCount "110"]
[EventDate "2006.02.18"]
[EventType "tourn"]
[EventRounds "14"]
[EventCountry "ESP"]
[EventCategory "20"]
[SourceTitle "CBM 112"]
[Source "ChessBase"]
[SourceDate "2006.06.07"]
[SourceVersion "1"]
[SourceVersionDate "2006.06.07"]
[SourceQuality "1"]

{[%mdl 1]} 1. d4 Nf6 2. c4 e6 3. Nc3 Bb4 4. Nf3 c5 5. g3 Ne4 6. Qd3 Qa5 ({
This queen sortie is more popular after} 6... cxd4 7. Nxd4 {-} Qa5 {although
is also good without exchange on d4 and allows Black even easier to solve
opening problems.}) 7. Qxe4 Bxc3+ 8. Bd2 Bxd2+ 9. Nxd2 Nc6 10. dxc5 ({Earlier
Bacrot continued} 10. d5 Nd4 11. Kd1 (11. Bg2 $142 Nb3 $1 12. Rd1 Qxa2 13. O-O
Qxb2 14. Nxb3 Qxb3 15. dxe6 dxe6 16. Qe5 O-O 17. Qxc5 e5 18. Rb1 Qa2 $11 {
1/2-1/2 Tisdall,J-Fossan,E/Gausdal 1992/CBM 028 ext (27)}) 11... Nf5 12. e3 Qc7
$1 13. Bd3 Ne7 14. dxe6 dxe6 15. Kc2 e5 {but could not be satisfied with
resulting position, 1/2-1/2 Bacrot,E-Bogdanovski,V/Chalkidiki 2002/CBM 092 (30)
}) 10... b6 $5 ({Sufficient for equality is} 10... Qxc5 11. Bg2 b6 12. O-O Bb7
13. Nb3 Qe7 14. Qf4 O-O {1/2-1/2 Van Wely,L-Van der Wiel,J/Rotterdam 1990/EXT
2002 (50)}) 11. Bg2 (11. cxb6 Bb7 12. f3 Qxb6 $44) 11... Bb7 12. Qf4 bxc5 $6 ({
Better is} 12... Qxc5 13. a3 O-O 14. Ne4 Qd4 15. Nc3 Qxf4 16. gxf4 Na5 17. Bxb7
Nxb7 18. O-O-O Rfd8 $11 {1/2-1/2 Lautier,J-Guyot,P/Rouen 1987/EXT 97 (40)}) 13.
Qd6 ({In my opinion more unpleasant for Black is the continuation} 13. O-O $1
Nd4 14. Qg5 Nxe2+ 15. Kh1 Bxg2+ 16. Kxg2 O-O 17. Nb3 Qb4 18. Qxc5 Qxc5 19. Nxc5
Rfc8 20. Nb3 Rxc4 21. Rfd1 Rc2 22. Rab1 e5 23. Kf3 $5 {[%cal Gb3a1]} (23. Rxd7
h6 24. Kf1 Nd4 25. Nxd4 exd4 26. Rxd4 {1/2-1/2 Bacrot,E-Sokolov,A/Germany 2004/
CBM 100 (47)} Re8 $11) 23... Rb8 24. Rxd7 f5 {and now deserves attention} 25.
Rxa7 $5 ({not} 25. Re1 $6 g5 $1 $132 {1/2-1/2 Bacrot,E-Volokitin,A/Moscow 2004/
CBM 100 (52)} 26. Rxe2 $140 $2 e4+ 27. Ke3 f4+) 25... e4+ 26. Kg2 {with the
idea Rd1-Rdd7.}) 13... Qb6 ({Simpler was to neutralize the pressure along
diagonal h1-a8 by} 13... Nd8 14. O-O Bxg2 15. Kxg2 Nb7 16. Qd3 Qc7 17. Rad1 O-O
18. Ne4 d6 19. Ng5 g6 {with equal play, 1/2-1/2 Christensen,N-Lechtynsky,J/
Bayern 1998/EXT 2000 (34)}) 14. Ne4 (14. O-O-O Na5 15. Qxb6 axb6 16. Bxb7 Nxb7
$11) 14... Nd4 $5 $146 {An interesting tactical idea.} ({The text is an
improvement in comparison with} 14... Qb4+ $6 {because of} 15. Kf1 $1 (15. Qd2
$6 Ke7 $11 {1/2-1/2 Priehoda,V-Hiebel,J/Germany 1994/GER (23)}) 15... Qxb2 16.
Re1 Ne5 ({worse is} 16... Ne7 $6 17. Nxc5 Bc6 18. Bxc6 dxc6 19. Rd1 Qb8 20.
Qd7+ Kf8 21. Kg2) 17. Qxc5 Bxe4 18. Bxe4 d6 $8 (18... Rd8 $4 19. Rb1 Qc3 20.
Rb3 Qa1+ 21. Kg2 Qxa2 22. Ra3 Qb2 23. Rb1 $18) 19. Qxd6 Rd8 20. Bc6+ Nxc6 21.
Qxc6+ Rd7 22. Kg2 $16) 15. Qxb6 axb6 16. Nd6+ Ke7 17. Bxb7 ({White has no real
winning chances in case of} 17. Nxb7 Nc2+ 18. Kd2 Nxa1 19. Rxa1 Ra7 20. a4 Rc8
$1 (20... Rb8 $143 21. a5 Rbxb7 22. Bxb7 Rxb7 23. a6 Ra7 24. Kc3 {[%cal Gb2b4]}
) 21. a5 bxa5 22. Rxa5 (22. Nxa5 Ke8 23. Kc3 Rb8) 22... Rxa5 23. Nxa5 Rb8)
17... Nc2+ 18. Kd2 Nxa1 19. Nxf7 $1 Rxa2 $1 {The best.} (19... Kxf7 20. Bxa8
Rxa8 21. Rxa1 $16) 20. Nxh8 Rxb2+ 21. Kd3 Rb3+ 22. Ke4 {[%csl Rh8]} ({Black
has sufficient compensation for the piece because White´s knight on h8 is
trapped. Therefore was more reasonable to accept the perpetual check after} 22.
Kd2 Rb2+ 23. Kd3 Rb3+ {.}) 22... Nc2 23. e3 {Preventing Nd4.} (23. Rc1 Na3 (
23... Nd4 $5) 24. Ba6 {allows to win back the pice by} b5 $1 25. cxb5 Nxb5 26.
Rxc5 Nd6+ 27. Kd4 Rb8 $11) ({and if} 23. Rd1 {then} Rc3 $1 ({not} 23... b5 $2
24. Bc8 d6 25. Nf7 $1 Kxf7 26. Rxd6 Rb2 27. cxb5 $1 $16) 24. Ba6 (24. Rc1 $6
Kf6 $1) 24... Nb4 25. Ra1 (25. Bb5 $6 d5+ 26. Ke5 Ra3 {[%cal Ga3a8]}) 25...
Nxa6 26. Rxa6 Rxc4+ 27. Kd3 b5 {with adequate counterplay.}) 23... b5 $5 {
[%cal Gb3b7,Gb7b8,Gb8h8]} ({Also possible was} 23... Na3 24. Ba6 b5 25. cxb5
Nxb5 26. Rc1 $140 (26. Bxb5 $143 Rxb5 27. Rc1 Kf6 $5 {[%csl Rh8]}) 26... Nd6+
27. Kf3 Rb8 28. Rxc5 Rxh8 $11) 24. Kf4 {Planning Be4.} ({In Black´s favour is} 
24. cxb5 Rxb5 25. Rc1 Nb4 26. Bc8 Nc6) 24... bxc4 ({Stronger looks} 24... Rb4
$1 25. Be4 Rxc4 26. Kf3 g6 27. Bd3 $140 $2 Rc3 28. Bxb5 $4 Nd4+) 25. Be4 Nb4
26. Bxh7 Nd3+ 27. Kg5 $5 ({To the draw leads} 27. Bxd3 cxd3 28. h4 Kf6 (28...
c4 $2 29. Ng6+ Kf6 30. Ne5 $16) 29. e4 (29. h5 $143 $6 c4) 29... e5+ 30. Ke3
Rb8 31. Kxd3 Rxh8 32. Kc4 Ke6 $1 (32... d6 $143 33. Kd5) 33. Kxc5 Rc8+ 34. Kb4
Rc2 35. Rf1 g6 $1 36. Kb3 Re2 37. f3 Rg2 38. g4 Rh2) 27... Nxf2 28. Rf1 Rb2 29.
h4 (29. Ng6+ Kd6 30. Nf4 Ke5 $132) 29... d5 30. Ra1 Kd7 $2 {A waste of
important time.} ({Correct was the immediate} 30... c3 $1 {with perpetual
check after} 31. Ng6+ Kd6 32. Ra6+ Kd7 33. Ne5+ Ke7 34. Ra7+ (34. Kf4 c4 $1 $44
) 34... Kd6 35. Nf7+ Kc6 36. Nd8+ Kd6 37. Nf7+) 31. Nf7 c3 32. Kg6 {Intending
to create a passed pawn which will cost Black another piece.} Ng4 $6 (32... Re2
$142 33. Kxg7 Rxe3 34. h5 (34. Rg1 $6 d4) 34... Rxg3+ 35. Bg6 Ng4 36. h6 Nxh6
37. Kxh6 $16) 33. Rg1 $5 {Played against possible Rg2.} (33. Kxg7 Rg2 34. h5
Rxg3 35. Bg6 $16) 33... Re2 ({Worse is} 33... Rd2 34. Kxg7 c2 (34... Nxe3 35.
h5 c2 36. Bxc2 Rxc2 37. g4 $1 Ke7 38. h6 Rh2 39. Ne5) 35. Rc1 Nxe3 36. h5 Rd1
37. Rxc2 Nxc2 38. Bxc2 Rg1 39. h6 Rxg3+ 40. Bg6 Rh3 41. h7 Rxh7+ 42. Bxh7 $18)
({or} 33... Rh2 34. Kxg7 Nxe3 35. Bg6 c2 36. h5) 34. Kxg7 Rxe3 35. h5 d4 36. h6
c4 $2 ({The only possibility to continue the fight was} 36... Nxh6 37. Nxh6 Kd6
(37... c4 $2 38. Ng4 Re2 39. Rd1 e5 40. Kf6 Kd6 41. Nxe5 $18)) 37. Bc2 $2 ({
Missing an easy win} 37. Rd1 $1 Rxg3 (37... d3 38. Bxd3 cxd3 39. h7 c2 40. Ra1
Rxg3 41. h8=Q Ne5+ 42. Kf6 Ng4+ 43. Kg5 Ne5+ 44. Kf4 Ng6+ 45. Kxg3 Nxh8 46.
Ne5+ Kd6 47. Nxd3 $18) 38. Rxd4+ Kc6 39. Rxc4+ Kd5 40. Ra4) 37... Nxh6 {
Now Black is out of danger.} 38. Nxh6 ({In case of} 38. Ba4+ {was possible} Kc7
$5 39. Nxh6 d3 40. g4 Kb6 41. g5 Ka5 42. Ra1 Kb4 43. g6 c2 {threatening Re1!})
38... d3 39. Ba4+ Kd6 40. g4 Kc5 {[%cal Gc5b4]} 41. g5 ({Wrong is} 41. Kf6 $2
Kb4 42. Ra1 c2 43. Bxc2 (43. g5 Re1 $1 44. Rxe1 d2 $19) 43... dxc2 44. g5 Kb3
45. g6 Kb2 46. Rf1 c1=Q $1 (46... Rf3+ $2 47. Rxf3 c1=Q 48. Nf7 $132) 47. Rxc1
Kxc1 48. Ng4 (48. Nf7 Rf3+ 49. Kxe6 c3 $19) 48... Rg3 $1 49. Kg5 Ra3 $1 50. g7
Ra8 51. Kf6 c3 52. Ne3 Kd2 53. Nc4+ Kd3 54. Na3 Rg8 $1 55. Kf7 Rxg7+ 56. Kxg7
e5 {winning.}) 41... Kb4 42. Ng4 $1 Re4 ({White saves himself after both} 42...
Rf3 43. Ra1 Rg3 (43... c2 44. g6 $132) 44. Ne5 Rxg5+ 45. Kf6 Rh5 46. Kxe6 c2
47. Bxc2 dxc2 48. Rc1 Rh2 (48... Kc3 49. Nxc4 $11) 49. Nf3 Rg2 (49... Rf2 50.
Nd4 Kc3 51. Kd5 $11) 50. Kd5 Kc3 51. Ne1 Rd2+ 52. Kc5 Kb3 53. Nxc2 (53. Rxc2 c3
) 53... Kb2 54. Nd4 Kxc1 55. Kxc4 $11) ({and} 42... Re2 43. Ra1 c2 {[%cal
Ge2e1]} 44. Bxc2 Rxc2 45. g6 d2 46. Rb1+ Ka4 (46... Ka3 47. Ne3 Rc1 48. Nxc4+
Rxc4 49. Rd1 Rd4 50. Kf6 $11) (46... Kc3 47. Nf2 Rc1 48. Ne4+ Kc2 49. Nxd2 Rxb1
50. Nxb1 Kxb1 51. Kf6 $11) 47. Ne3 Rc1 48. Nxc4 d1=Q 49. Nb2+ Kb4 50. Nxd1+
Rxb1 51. Ne3 Kc3 52. Kf7 Rg1 53. g7 Kd3 54. Nd1 $11) 43. Nf6 $2 {The decisive
mistake.} ({Instead} 43. g6 $1 Kxa4 44. Kf7 d2 ({or} 44... c2 45. g7 d2 46.
g8=Q c1=Q 47. Qa8+ Kb4 48. Qb7+ Ka5 49. Qa7+ $11) 45. g7 d1=Q 46. g8=Q $1 ({not
} 46. Rxd1 $2 Rxg4 $19) 46... Qxg1 47. Qa8+ Kb3 48. Qb7+ Ka3 49. Qa8+ Kb2 50.
Qb7+ Kc1 51. Qxe4 c2 52. Ne3 {(that is why was necessary to keep the knight on
g4)} Qf2+ 53. Kxe6 Qe2 54. Ke5 {allowed to neutralize opponent´s passed pawns
with draw e.g.} Kb1 55. Qb7+ Ka2 56. Qa7+ Kb2 57. Qd4+ Kb1 58. Qb6+ Kc1 59. Qd4
$11) 43... Re5 44. Bd1 ({To the lost queen ending leads} 44. g6 Kxa4 45. Kf7
Rb5 $1 46. Ne4 (46. Ra1+ Kb4 47. g7 Rb7+ 48. Kf8 Rxg7 49. Kxg7 c2 50. Ne4 c3
$19) 46... c2 47. Nc3+ (47. g7 Rb7+ 48. Kf6 Rb8 49. Kxe6 Kb3 50. Kf7 Kb2 51.
Nd6 c3 52. Nc4+ Ka2 $1 $19) 47... Kb4 48. Nxb5 d2 49. g7 d1=Q 50. g8=Q c1=Q 51.
Rxd1 Qxd1 52. Kxe6 Kxb5) 44... d2 $1 {[%cal Ge5e1]} 45. g6 Re1 46. Kf7 Rxg1 47.
g7 Ka3 48. Bg4 Rxg4 $1 49. Nxg4 d1=Q 50. g8=Q Qd7+ ({Simpler wins} 50... Qf3+
51. Nf6 (51. Ke7 c2 52. Qg5 Ka4 53. Kxe6 Qa3 $19) 51... c2 52. Qg5 (52. Qg1 Kb2
53. Qd4+ Kb1 $19) 52... Qc3 53. Qc5+ Ka2 54. Qa7+ Qa3 55. Qf2 Kb1 $19) 51. Kf6
Qd4+ 52. Kxe6 c2 53. Qa8+ Kb2 54. Qb8+ (54. Qb7+ Kc3 55. Qf3+ Qd3 56. Qf6+ Kb3
57. Qf4 Qc3 58. Qc1 Qb2 59. Qe3+ Ka2 60. Qa7+ Qa3 61. Qf2 Qa6+ $1 62. Kf7 (62.
Kd5 Kb1 $19) 62... Qb7+ $1 63. Kg8 Qb2 64. Qa7+ Kb1 $19) 54... Kc1 {[%cal
Gc1d1,Gd4g4]} 55. Qg8 Kd1 0-1

[Event "Gausdal GM-A"]
[Site "Gausdal"]
[Date "2005.04.18"]
[Round "6"]
[White "Nordahl, Helge Andreas"]
[Black "Tiviakov, Sergei"]
[Result "0-1"]
[WhiteElo "2402"]
[BlackElo "2631"]
[Annotator "Gavrikov,V"]
[PlyCount "74"]
[EventDate "2005.04.13"]
[EventType "tourn"]
[EventRounds "9"]
[EventCountry "NOR"]
[EventCategory "10"]
[SourceTitle "CBM 107"]
[Source "ChessBase"]
[SourceDate "2005.08.01"]
[SourceVersion "1"]
[SourceVersionDate "2005.08.01"]
[SourceQuality "1"]

1. d4 Nf6 2. c4 e6 3. Nc3 Bb4 4. f3 d5 5. a3 Bxc3+ 6. bxc3 c6 {An interesting
idea instead of usual reply 6...c5. Black wants in case of c4xd5 take with
c-pawn and is planning the exchange of light-squared bishops by b6 and Ba6.  '}
7. e3 {The most popular line for White in this variation.} ({A tempting
alternative is} 7. Qc2 $5 O-O (7... dxc4 $6 8. e4 b5 9. a4 Nbd7 10. Ba3 Qc7 11.
Ne2 $44 {Moskalenko,V-Vehi Bach,V/Paretana,1999 (1/2-1/2)(53)}) 8. e4 ({not} 8.
cxd5 $6 cxd5 9. e4 dxe4 10. fxe4 e5 11. d5 $6 Nbd7 12. Bd3 Nc5 $15 {0-1 Golod,
V-Rozentalis,E/Neum 2000/CBM 080/ (30)}) 8... dxe4 9. fxe4 e5 10. Nf3 {, for
example:} exd4 11. e5 Re8 12. Bd3 $5 (12. cxd4 c5) 12... dxc3 13. O-O Rxe5 $5 (
{dangerous for Black looks} 13... Ng4 $6 14. Bxh7+ Kh8 15. Ng5 Nxe5 16. Bf4 $36
) 14. Nxe5 Qd4+ 15. Kh1 (15. Qf2 Qxe5 16. Be3 Be6 17. Bd4 Qg5 $13) 15... Qxe5
16. Bf4 Qa5 17. Bd6 Be6 $44 {1/2-1/2 Yakovich,Y-Tunik,G/Krasnodar 2002/CBM 091
(36)}) 7... O-O 8. Bd3 ({The try to exchange both c-pawns gave Black adequate
counterplay after} 8. cxd5 cxd5 9. c4 b6 10. cxd5 exd5 11. Bd3 Ba6 12. Ne2 Bxd3
13. Qxd3 Nc6 14. Ng3 Qd7 15. Bd2 {1/2-1/2 Borg,G-Sturua,Z/Panormo 1998/CBM 067
ext (15)}) ({White has also played} 8. Nh3 b6 9. cxd5 cxd5 10. Nf2 (10. a4 Qc7
11. Bd2 Ba6 12. Bxa6 Nxa6 13. Qe2 Nb8 14. O-O Nbd7 15. e4 e5 $1 $11 {1/2-1/2
Bareev,E-Rozentalis,E/Leningrad 1990/URS-ch (22)}) 10... Qc7 11. Bd2 {when the
continuation} Ba6 12. Bxa6 Nxa6 13. Qe2 Nb8 14. O-O Rc8 15. e4 Nc6 16. e5 Ne8
17. f4 Na5 18. Rad1 Nc4 19. Bc1 f5 20. exf6 Nxf6 21. Qxe6+ Qf7 22. Qh3 Nd6 23.
f5 Nde4 24. Nxe4 Nxe4 25. Rd3 Rc6 {0-1 Hochstrasser,M-Renet,O/Switzerland 2002/
EXT 2003 (61) was promising for Black.}) 8... b6 ({Less consistent but
possible is} 8... Nbd7 9. Ne2 e5 10. cxd5 cxd5 11. O-O Re8 12. Ng3 Nb6 13. dxe5
Rxe5 14. e4 dxe4 15. fxe4 Bg4 16. Qc2 Nbd7 {1/2-1/2 Gabriel,C-Cvitan,O/
Switzerland 2001/EXT 2002 (43)}) 9. cxd5 cxd5 10. Nh3 $6 {Here the knight is
misplaced.} ({A known mistake is the immediate} 10. e4 $2 dxe4 11. fxe4 Nxe4 $1
12. Nf3 Bb7 13. Qc2 f5 {0-1 Liardet,F-Graf,A/Geneve 1999/CBM 068 ext (23)}) ({
More common choice is} 10. Ne2 Ba6 11. Bxa6 (11. O-O Qc8 12. e4 Bxd3 13. Qxd3
Qa6 14. Qc2 Rc8 15. e5 Nfd7 16. f4 f5 17. exf6 Nxf6 18. f5 exf5 19. Qxf5 Nbd7
20. Nf4 Qb7 21. Bd2 Nf8 {1/2-1/2 Schuurman,P-Babula,V/Graz 2002/EXT 2003 (93)})
11... Nxa6 12. Qd3 Qc8 13. e4 Nc7 14. Bg5 Nd7 15. O-O Qa6 16. Qxa6 Nxa6 17. a4
f6 18. Bd2 dxe4 19. fxe4 e5 20. Ng3 g6 21. Rfb1 Nc7 22. a5 {1/2-1/2 Moskalenko,
V-Beltran Rueda,S/Sitges 2002/EXT 2003 (22)}) 10... Ba6 11. O-O $6 {Allows
Black to develop his knight on c6.} ({Better was} 11. Bxa6 Nxa6 12. Qd3 {.})
11... Qc8 $1 12. Bb2 Nc6 13. a4 ({Also} 13. e4 Na5 {makes it hard for White to
compensate the weakness of c4-square.}) 13... Na5 14. Ba3 Bxd3 15. Qxd3 Re8 16.
Bb4 Nc4 17. e4 ({There is no relief for White in} 17. a5 bxa5 18. Bxa5 Qc6)
17... a5 18. e5 $2 ({This intermediate move loses a pawn. Necessary was} 18.
Ba3) 18... Nd7 19. Ba3 ({Or} 19. Ng5 g6 ({not} 19... axb4 $2 20. Qxh7+ Kf8 21.
Qh5 $1) 20. Bd6 f6 21. Nh3 fxe5 22. dxe5 Ndxe5 23. Bxe5 Nxe5 $17) 19... Nxa3
20. Rxa3 Nxe5 $1 {[%csl Ra3] Exploiting the unprotected position of white rook.
} 21. Qb5 (21. dxe5 $4 Qc5+) 21... Nc4 22. Ra2 Qc7 23. Re2 Rec8 24. Rc1 Qc6 25.
Qxc6 ({If} 25. Qb3 {then} Rab8 26. Rb1 Nd6 27. Rc2 b5 28. axb5 Rxb5 29. Qa2
Rxb1+ 30. Qxb1 Nf5 {/\ Nxd4}) 25... Rxc6 26. Nf2 Rac8 27. Nd1 Kf8 28. Kf2 Ke7
29. Ra2 Kd7 30. Ke2 Re8 31. Rcc2 e5 32. Kf2 ({More tenacious was} 32. dxe5 Nxe5
33. Kf1) 32... e4 33. f4 Rf6 34. g3 g5 35. Ne3 gxf4 36. Nxd5 fxg3+ 37. Kg2 Rf5
0-1

[Event "Barcelona Casino"]
[Site "Barcelona"]
[Date "2005.10.26"]
[Round "3"]
[White "Moskalenko, Viktor"]
[Black "Fedorchuk, Sergey A"]
[Result "1-0"]
[WhiteElo "2529"]
[BlackElo "2564"]
[Annotator "Gavrikov,V"]
[PlyCount "57"]
[EventDate "2005.10.24"]
[EventType "tourn"]
[EventRounds "5"]
[EventCountry "ESP"]
[EventCategory "15"]
[SourceTitle "CBM 110"]
[Source "ChessBase"]
[SourceDate "2006.01.31"]
[SourceVersion "1"]
[SourceVersionDate "2006.01.31"]
[SourceQuality "1"]

1. d4 Nf6 2. c4 e6 3. Nc3 Bb4 4. f3 d5 5. a3 Bxc3+ 6. bxc3 c6 7. e3 ({An
important alternative is here} 7. Qc2 O-O 8. e4 dxe4 9. fxe4 e5 10. Nf3 {e.g.}
Re8 (10... exd4 11. e5 Re8 12. Bd3 dxc3 13. O-O Rxe5 $1 14. Nxe5 Qd4+ 15. Kh1
Qxe5 $44 {1/2-1/2 Yakovich,Y-Tunik,G/Krasnodar 2002/CBM 091 (36)}) 11. Bd3 c5
$1 12. d5 Nbd7 13. O-O Nf8 14. Rb1 Ng6 15. Qf2 b6 16. Nh4 Rf8 17. Nf5 Ne8 18.
Qg3 {1-0 Bauer,C-Pelletier,Y/Biel 2005/CBM 108 (41)} {and now correct was} Nd6
{with unclear position.}) 7... O-O 8. Bd3 ({After} 8. cxd5 cxd5 9. c4 {
interesting is} dxc4 (9... b6 10. cxd5 exd5 11. Bd3 Ba6 12. Ne2 Bxd3 13. Qxd3
Nc6 14. Ng3 Qd7 15. Bd2 {1/2-1/2 Borg,G-Sturua,Z/Panormo 1998/CBM 067 ext (15)}
) 10. Bxc4 b5 $5 11. Bd3 Nc6 12. Ne2 a6 13. O-O Bb7 14. Bb2 Rc8 (14... Nd5 $5
15. Qd2 Nb6) 15. e4 Na5 16. Rc1 Qb6 {and Black was able to maintain the
balance in 1/2-1/2 Milov,V-Delgado,N/Yucatan 2004/CBM 105 (46)}) 8... b6 9. Ne2
({Another move order} 9. cxd5 cxd5 10. Ne2 {usually leads to the same position.
}) 9... Ba6 10. cxd5 cxd5 ({More natural looks} 10... Bxd3 11. Qxd3 cxd5 {
intending to develop the knight on c6,e.g.} 12. O-O ({in the event of} 12. e4 {
1-0 Sandipan,C-Rohit,G/Hyderabad 2005/CBM 110 no vc (52)} {Black can reply with
} Nc6 $5 13. Bg5 $140 h6 14. Bh4 dxe4 15. fxe4 Ne5 16. Qh3 Ng6 17. O-O Nxh4 18.
Qxh4 Rc8 $11) 12... Qc8 $1 13. e4 Qa6 14. Qe3 Nc6 15. e5 Nd7 16. Nf4 Rae8 17.
a4 f6 18. exf6 Nxf6 19. Ba3 Rf7 20. Rfe1 e5 {1/2-1/2 Bagirov,R-Palac,M/Biel
1998/EXT 99 (20)}) 11. Bxa6 Nxa6 12. Qd3 Qc8 (12... Nb8 {transposes to the
line 10...Bxd3 from comment above.}) 13. e4 Qb7 $6 $146 {A dubious move.} ({
Earlier Black continued} 13... Nc7 14. Bg5 Nd7 15. O-O Qa6 {and had no any
problems after both} 16. Qe3 ({and} 16. Qxa6 Nxa6 17. a4 f6 18. Bd2 dxe4 19.
fxe4 e5 $11 {1/2-1/2 Moskalenko,V-Beltran Rueda,S/Sitges 2002/EXT 2003 (22)})
16... f6 17. Bh4 Qc4 18. Rab1 Rac8 19. Bg3 dxe4 20. fxe4 e5 $132 {1/2-1/2
Milov,V-Kortschnoj,V/Switzerland 2004/EXT 2006 (47)}) 14. e5 Nd7 15. a4 {
[%cal Gc1a3]} Nab8 $2 ({It was necessary to prepare the manoeuvre Qa6 by} 15...
Nc7) 16. Ba3 Rc8 17. f4 {[%cal Gf4f5] Now Black has to reckon with unpleasant
advance f4-f5.} Qa6 $6 (17... Nc6 $142 18. f5 exf5 19. Qxf5 Na5 20. O-O Nf8)
18. Qb5 $1 {This strong reply puts Black in difficult situation.} Rc4 $6 ({
Dubious is also} 18... Qxb5 $6 19. axb5 f5 20. Bd6 a5 (20... Rc4 21. Kd2 a5 22.
Ng3 Nf8 23. Nf1 Nbd7 24. Ne3 Rcc8 25. Ra4) 21. Ra4 Nf8 22. Kd2 Nbd7 23. Kd3 {
followed by Rc1 and c4.}) ({but perhaps more tenacious was} 18... f5 19. g4 $1
g6 (19... fxg4 $2 20. f5 Qxb5 21. axb5 exf5 22. Nf4 Rxc3 23. Nxd5 Rc4 24. e6
Nf6 25. Ne7+ Kh8 26. Nxf5 $18) 20. gxf5 gxf5 21. Rg1+ Kf7) 19. Bd6 Qc8 20. f5
$1 {[%csl Re6]} Rxc3 $2 {An incomprehensible mistake.} ({The only way to
continue the fight was} 20... Nc6 21. O-O Qe8 $16) 21. O-O Rc4 $6 (21... a6 22.
Qb1 Rc2 (22... Rc4 23. Ra3 $40 {[%cal Gf5e6,Ga3h3]}) 23. Nf4 Qc3 24. Qxc2 $1
Qxc2 25. Rac1 Qc6 26. fxe6 fxe6 27. Nxe6 h6 28. Rxc6 Nxc6 {prolonged the
resistance.}) 22. fxe6 fxe6 23. Rac1 $1 {Preventing Nc6 when Black has no
useful moves.} a6 (23... Nc6 24. Rxc4 dxc4 25. Qxc4 Nd8 26. Qb3 Qc6 27. Nf4 $18
) 24. Qb3 b5 25. Rxc4 bxc4 26. Qh3 Qe8 27. Nf4 {The e6-pawn collapses and with
it Black´s position.} Nc6 28. Nxe6 Rc8 ({After} 28... Ra7 {decides} 29. Qf3 $1
Nf6 30. Qf5 Nd7 31. Ng5 g6 32. Qf3) 29. Nf8 1-0